[Event "Botvinnik Cup 2018"]
[Site "Moscow"]
[Date "2018.08.12"]
[Round "5"]
[White "Tologontegin, Semetey"]
[Black "Balabayeva, Xeniya"]
[Result "1-0"]
[WhiteElo "2419"]
[BlackElo "1788"]
[Annotator "NA"]
[PlyCount "127"]
[EventDate "2018.08.10"]
[EventCountry "RUS"]
[SourceTitle "playchess.com"]
[Source "ChessBase"]
[SourceQuality "1"]
[TimeControl "5400+30"]

1. Nf3 {[%emt 0:00:00]} Nf6 {[%emt 0:00:00]} 2. e3 {[%emt 0:00:57]} g6 {[%emt 0:00:20]} 3. d4 {[%emt 0:00:10]} Bg7 {[%emt 0:00:15]} 4. c4 {[%emt 0:00:08]} b6 {[%emt 0:01:44]} 5. Nc3 {[%emt 0:00:23]} d5 {[%emt 0:01:15]} 6. cxd5 {[%emt 0:01:06]} Nxd5 {[%emt 0:01:26]} 7. Bb5+ {[%emt 0:02:05]} c6 {[%emt 0:03:24]} 8. Be2 {[%emt 0:03:52]} e6 {[%emt 0:05:27]} 9. h4 {[%emt 0:02:00]} c5 {[%emt 0:12:11]} 10. Nxd5 {[%emt 0:04:05]} Qxd5 {[%emt 0:02:40]} 11. dxc5 {[%emt 0:03:59]} Qxc5 {[%emt 0:08:36]} 12. Bd2 {[%emt 0:04:18]} O-O {[%emt 0:03:28]} 13. Rc1 {[%emt 0:05:39]} Qd6 {[%emt 0:11:04]} 14. Qb3 {[%emt 0:02:19]} a5 {[%emt 0:01:15]} 15. Bc3 {[%emt 0:06:01]} Nd7 {[%emt 0:08:22]} 16. h5 {[%emt 0:01:12]} Bxc3+ {[%emt 0:05:51]} 17. Rxc3 {[%emt 0:01:14]} Nc5 {[%emt 0:01:26]} 18. Qc2 {[%emt 0:01:06]} Qe7 {[%emt 0:11:31]} 19. hxg6 {[%emt 0:03:48]} fxg6 {[%emt 0:01:42]} 20. Rc4 {[%emt 0:00:30]} Qf6 {[%emt 0:02:15]} 21. Rf4 {[%emt 0:00:20]} Qe7 {[%emt 0:03:55]} 22. Rfh4 {[%emt 0:00:36]} Rf7 {[%emt 0:00:48]} 23. Ne5 {[%emt 0:00:32]} Rg7 {[%emt 0:00:26]} 24. Qc3 {[%emt 0:18:49]} Bb7 {[%emt 0:03:09]} 25. f3 {[%emt 0:01:28]} Rc8 {[%emt 0:02:03]} 26. Ng4 {[%emt 0:08:22]} Rf8 {[%emt 0:04:10]} 27. Bd1 {[%emt 0:07:59]} Ba6 {[%emt 0:01:21]} 28. Bc2 {[%emt 0:01:53]} Rc8 {[%emt 0:02:20]} 29. Qd4 {[%emt 0:04:46]} Nd7 {[%emt 0:00:56]} 30. Bd1 {[%emt 0:01:27]} Qb4+ {[%emt 0:00:47]} 31. Qxb4 {[%emt 0:00:08]} axb4 {[%emt 0:00:01]} 32. Nh6+ {[%emt 0:00:10]} Kf8 {[%emt 0:00:05]} 33. Rf4+ {[%emt 0:01:19]} Ke7 {[%emt 0:00:21]} 34. Rxb4 {[%emt 0:00:26]} Rc6 {[%emt 0:01:04]} 35. Ng4 {[%emt 0:00:37]} h5 {[%emt 0:00:55]} 36. Nf2 {[%emt 0:00:05]} Nc5 {[%emt 0:00:33]} 37. Rhh4 {[%emt 0:01:20]} e5 {[%emt 0:00:25]} 38. Be2 {[%emt 0:00:14]} Bxe2 {[%emt 0:00:10]} 39. Kxe2 {[%emt 0:00:02]} Ke6 {[%emt 0:00:16]} 40. Rhc4 {[%emt 0:00:10]} Rd6 {[%emt 0:00:39]} 41. Rc2 {[%emt 0:02:28]} g5 {[%emt 0:00:56]} 42. Rd2 {[%emt 0:01:07]} Rgd7 {[%emt 0:00:33]} 43. Rxd6+ {[%emt 0:00:32]} Rxd6 {[%emt 0:00:06]} 44. Rc4 {[%emt 0:00:31]} Rd7 {[%emt 0:00:54]} 45. Rc2 {[%emt 0:00:43]} Ra7 {[%emt 0:00:38]} 46. b3 {[%emt 0:00:21]} Kd5 {[%emt 0:00:16]} 47. b4 {[%emt 0:01:09]} Na6 {[%emt 0:00:30]} 48. Nd3 {[%emt 0:00:58]} Nc7 {[%emt 0:00:23]} 49. a4 {[%emt 0:00:30]} Ne6 {[%emt 0:00:23]} 50. Nb2 {[%emt 0:00:43]} Nc7 {[%emt 0:00:39]} 51. Kd3 {[%emt 0:00:44]} Na6 {[%emt 0:00:33]} 52. Rc4 {[%emt 0:00:27]} Rb7 {[%emt 0:00:19]} 53. Nd1 {[%emt 0:00:11]} Kd6 {[%emt 0:00:48]} 54. Nc3 {[%emt 0:00:12]} Nb8 {[%emt 0:00:37]} 55. Ne4+ {[%emt 0:00:24]} Ke7 {[%emt 0:00:18]} 56. Nxg5 {[%emt 0:00:46]} Ra7 {[%emt 0:00:13]} 57. b5 {[%emt 0:00:17]} Nd7 {[%emt 0:00:18]} 58. Ne4 {[%emt 0:00:19]} Ke6 {[%emt 0:00:17]} 59. Kc3 {[%emt 0:00:08]} Ra8 {[%emt 0:00:22]} 60. Kb4 {[%emt 0:00:34]} Rg8 {[%emt 0:00:36]} 61. Rc6+ {[%emt 0:00:23]} Ke7 {[%emt 0:00:12]} 62. Rc2 {[%emt 0:00:12]} h4 {[%emt 0:00:37]} 63. Rd2 {[%emt 0:00:37]} Ke6 {[%emt 0:00:38]} 64. Rxd7 {[%emt 0:00:09] Kd5} 1-0

[Event "Botvinnik Cup 2018"]
[Site "Moscow"]
[Date "2018.08.12"]
[Round "5"]
[White "Sevdimaliyev, Urfan"]
[Black "Tsaruk, Maksim"]
[Result "1-0"]
[WhiteElo "2388"]
[BlackElo "2192"]
[Annotator "NA"]
[PlyCount "101"]
[EventDate "2018.08.10"]
[EventCountry "RUS"]
[SourceTitle "playchess.com"]
[Source "ChessBase"]
[SourceQuality "1"]
[TimeControl "5400+30"]

1. d4 {[%emt 0:00:00]} Nf6 {[%emt 0:00:00]} 2. Nf3 {[%emt 0:00:09]} b6 {[%emt 0:00:01]} 3. Bg5 {[%emt 0:00:06]} Ne4 {[%emt 0:01:25]} 4. Bh4 {[%emt 0:00:02]} Bb7 {[%emt 0:00:09]} 5. Nbd2 {[%emt 0:00:18]} Nd6 {[%emt 0:06:37]} 6. e3 {[%emt 0:03:30]} Nf5 {[%emt 0:07:18]} 7. Bg5 {[%emt 0:01:08]} h6 {[%emt 0:01:14]} 8. Bf4 {[%emt 0:00:51]} d5 {[%emt 0:01:17]} 9. Bb5+ {[%emt 0:00:56]} c6 {[%emt 0:01:19]} 10. Bd3 {[%emt 0:00:12]} e6 {[%emt 0:00:05]} 11. Ne5 {[%emt 0:01:23]} Qf6 {[%emt 0:24:31]} 12. Ndf3 {[%emt 0:03:06]} Bd6 {[%emt 0:02:49]} 13. Qd2 {[%emt 0:06:57]} g5 {[%emt 0:03:48]} 14. Ng4 {[%emt 0:03:03]} Qg7 {[%emt 0:03:46]} 15. Bxd6 {[%emt 0:10:19]} Nxd6 {[%emt 0:00:13]} 16. Qb4 {[%emt 0:02:18]} Ke7 {[%emt 0:20:17]} 17. Nge5 {[%emt 0:07:19]} Rc8 {[%emt 0:11:46]} 18. c3 {[%emt 0:06:33]} h5 {[%emt 0:06:09]} 19. a4 {[%emt 0:01:56]} c5 {[%emt 0:00:38]} 20. Qa3 {[%emt 0:04:28]} f6 {[%emt 0:00:44]} 21. Ng6+ {[%emt 0:02:08]} Kd8 {[%emt 0:02:53]} 22. dxc5 {[%emt 0:01:10]} bxc5 {[%emt 0:00:02]} 23. O-O-O {[%emt 0:05:34]} Nd7 {[%emt 0:00:58]} 24. Nd4 {[%emt 0:07:06]} cxd4 {[%emt 0:01:09]} 25. Qxd6 {[%emt 0:00:10]} Rc6 {[%emt 0:00:17]} 26. Qb4 {[%emt 0:02:19]} Nc5 {[%emt 0:02:51]} 27. Bb5 {[%emt 0:02:54]} a5 {[%emt 0:00:42]} 28. Qa3 {[%emt 0:00:46]} Rac8 {[%emt 0:00:30]} 29. Bxc6 {[%emt 0:01:08]} Rxc6 {[%emt 0:00:00]} 30. exd4 {[%emt 0:00:46]} Nd7 {[%emt 0:00:15]} 31. Qb3 {[%emt 0:00:36]} Bc8 {[%emt 0:01:15]} 32. Qc2 {[%emt 0:01:34]} Ke8 {[%emt 0:00:01]} 33. g4 {[%emt 0:01:25]} hxg4 {[%emt 0:00:56]} 34. h4 {[%emt 0:00:24]} gxh3 {[%emt 0:00:33]} 35. Rxh3 {[%emt 0:01:27]} f5 {[%emt 0:00:01]} 36. Ne5 {[%emt 0:00:55]} Nxe5 {[%emt 0:00:02]} 37. dxe5 {[%emt 0:00:02]} Qxe5 {[%emt 0:00:01]} 38. Re3 {[%emt 0:01:16]} Qf4 {[%emt 0:01:28]} 39. Rxd5 {[%emt 0:01:08]} Qxe3+ {[%emt 0:00:06]} 40. fxe3 {[%emt 0:00:02]} exd5 {[%emt 0:00:06]} 41. Qg2 {[%emt 0:01:30]} Rg6 {[%emt 0:01:12]} 42. Qxd5 {[%emt 0:00:22]} g4 {[%emt 0:00:07]} 43. Qe5+ {[%emt 0:01:20]} Be6 {[%emt 0:00:01]} 44. Qg3 {[%emt 0:00:18]} Kf7 {[%emt 0:01:19]} 45. b4 {[%emt 0:00:38]} axb4 {[%emt 0:00:15]} 46. cxb4 {[%emt 0:01:03]} f4 {[%emt 0:00:00]} 47. exf4 {[%emt 0:00:35]} Kf6 {[%emt 0:00:44]} 48. a5 {[%emt 0:00:40]} Bd5 {[%emt 0:01:38]} 49. Qc3+ {[%emt 0:03:07]} Kf7 {[%emt 0:00:28]} 50. Qc7+ {[%emt 0:00:09]} Ke8 {[%emt 0:00:32]} 51. Qe5+ {[%emt 0:00:07]} 1-0

[Event "Botvinnik Cup 2018"]
[Site "Moscow"]
[Date "2018.08.12"]
[Round "5"]
[White "Sevdimaliyev, Urfan"]
[Black "Zeliantsova, Kseniya"]
[Result "1-0"]
[WhiteElo "2388"]
[BlackElo "1804"]
[Annotator "NA"]
[PlyCount "71"]
[EventDate "2018.08.10"]
[EventCountry "RUS"]
[SourceTitle "playchess.com"]
[Source "ChessBase"]
[SourceQuality "1"]
[TimeControl "5400+30"]

1. e4 {[%emt 0:00:17]} c5 {[%emt 0:00:00]} 2. Nf3 {[%emt 0:00:19]} e6 {[%emt 0:00:00]} 3. c4 {[%emt 0:00:19]} Nc6 {[%emt 0:00:00]} 4. Nc3 {[%emt 0:00:11]} Nf6 {[%emt 0:00:05]} 5. Be2 {[%emt 0:00:27]} d5 {[%emt 0:02:51]} 6. exd5 {[%emt 0:01:04]} exd5 {[%emt 0:00:06]} 7. cxd5 {[%emt 0:01:13]} Nxd5 {[%emt 0:00:05]} 8. O-O {[%emt 0:00:13]} Be7 {[%emt 0:00:45]} 9. d4 {[%emt 0:02:57]} Nxc3 {[%emt 0:05:07]} 10. bxc3 {[%emt 0:00:05]} cxd4 {[%emt 0:02:46]} 11. Nxd4 {[%emt 0:00:44]} Nxd4 {[%emt 0:07:13]} 12. cxd4 {[%emt 0:01:39]} O-O {[%emt 0:01:35]} 13. Rb1 {[%emt 0:01:13]} Bf6 {[%emt 0:01:03]} 14. d5 {[%emt 0:01:51]} Qd6 {[%emt 0:02:34]} 15. Rb3 {[%emt 0:07:15]} Rd8 {[%emt 0:00:25]} 16. Bf3 {[%emt 0:00:47]} Be5 {[%emt 0:01:05]} 17. g3 {[%emt 0:03:06]} b6 {[%emt 0:06:33]} 18. Ba3 {[%emt 0:01:41]} Qf6 {[%emt 0:00:11]} 19. Re1 {[%emt 0:01:51]} Bb7 {[%emt 0:11:14]} 20. Qe2 {[%emt 0:06:39]} Bd6 {[%emt 0:07:57]} 21. Bb2 {[%emt 0:04:22]} Qf5 {[%emt 0:00:25]} 22. Be4 {[%emt 0:01:51]} Qd7 {[%emt 0:00:44]} 23. Qh5 {[%emt 0:03:46]} g6 {[%emt 0:01:05]} 24. Qf3 {[%emt 0:01:06]} Be7 {[%emt 0:11:59]} 25. d6 {[%emt 0:04:12]} Qxd6 {[%emt 0:09:28]} 26. Bxb7 {[%emt 0:00:19]} Rab8 {[%emt 0:00:03]} 27. Bd5 {[%emt 0:01:27]} Qxd5 {[%emt 0:01:28]} 28. Qxd5 {[%emt 0:00:12]} Rxd5 {[%emt 0:00:01]} 29. Rxe7 {[%emt 0:00:02]} Ra5 {[%emt 0:01:31]} 30. a3 {[%emt 0:07:38]} Ra4 {[%emt 0:00:22]} 31. Rbe3 {[%emt 0:00:26]} Rf8 {[%emt 0:00:17]} 32. Rb7 {[%emt 0:00:13]} Ra5 {[%emt 0:01:28]} 33. Ree7 {[%emt 0:00:21]} Rb5 {[%emt 0:00:04]} 34. Bd4 {[%emt 0:00:15]} Rb1+ {[%emt 0:00:59]} 35. Kg2 {[%emt 0:01:30]} a5 {[%emt 0:00:03]} 36. Be3 {[%emt 0:00:16]} 1-0

[Event "Botvinnik Cup 2018"]
[Site "Moscow"]
[Date "2018.08.12"]
[Round "5"]
[White "Tsvetkov, Andrey"]
[Black "Vaganian, Rafael A"]
[Result "1/2-1/2"]
[WhiteElo "2297"]
[BlackElo "2546"]
[Annotator "ChessBase"]
[PlyCount "49"]
[EventDate "2018.08.10"]
[EventCountry "RUS"]
[SourceTitle "playchess.com"]
[Source "ChessBase"]
[SourceQuality "1"]
[TimeControl "5400+30"]

1. d4 {[%emt 0:00:00]} d5 {[%emt 0:00:00]} 2. c4 {[%emt 0:00:00]} e6 {[%emt 0:00:00]} 3. Nc3 {[%emt 0:00:00]} Be7 {[%emt 0:00:00]} 4. Nf3 {[%emt 0:00:00]} Nf6 {[%emt 0:00:35]} 5. Bf4 {[%emt 0:00:00]} O-O {[%emt 0:00:03]} 6. e3 {[%emt 0:00:03]} Nbd7 {[%emt 0:00:06]} 7. a3 {[%emt 0:01:04]} c5 {[%emt 0:00:29]} 8. dxc5 {[%emt 0:00:30]} Nxc5 {[%emt 0:00:02]} 9. cxd5 {[%emt 0:00:10]} Nxd5 {[%emt 0:00:02]} 10. Nxd5 {[%emt 0:00:05]} exd5 {[%emt 0:00:02]} 11. Be5 {[%emt 0:00:09]} Bf6 {[%emt 0:00:36]} 12. Bd4 {[%emt 0:01:44]} Ne6 {[%emt 0:01:20]} 13. Qd2 {[%emt 0:06:03]} Nxd4 {[%emt 0:02:59]} 14. Nxd4 {[%emt 0:00:01]} Qb6 {[%emt 0:00:04]} 15. Rd1 {[%emt 0:01:45]} Bd7 {[%emt 0:00:53]} 16. Be2 {[%emt 0:09:27]} Ba4 {[%emt 0:01:26]} 17. Rc1 {[%emt 0:00:01]} Rfe8 {[%emt 0:00:26]} 18. O-O {[%emt 0:02:24]} Bxd4 {[%emt 0:02:02]} 19. exd4 {[%emt 0:00:01]} Bb5 {[%emt 0:00:31]} 20. Bxb5 {[%emt 0:11:33]} Qxb5 {[%emt 0:00:01]} 21. Rc5 {[%emt 0:00:06]} Qd7 {[%emt 0:01:39]} 22. Rfc1 {[%emt 0:01:47]} b6 {[%emt 0:00:30]} 23. Rc7 {[%emt 0:00:42]} Qf5 {[%emt 0:00:09]} 24. f3 {[%emt 0:06:29]} h6 {[%emt 0:00:38]} 25. Kf2 {[%emt 0:09:49]} 1/2-1/2

[Event "Botvinnik Cup 2018"]
[Site "Moscow"]
[Date "2018.08.12"]
[Round "5"]
[White "Lazavik, Denis"]
[Black "Sevdimaliyev, Urfan"]
[Result "1/2-1/2"]
[WhiteElo "2235"]
[BlackElo "2388"]
[Annotator "NA"]
[PlyCount "48"]
[EventDate "2018.08.10"]
[EventCountry "RUS"]
[SourceTitle "playchess.com"]
[Source "ChessBase"]
[SourceQuality "1"]
[TimeControl "5400+30"]

1. d4 {[%emt 0:00:00]} d5 {[%emt 0:00:00]} 2. c4 {[%emt 0:00:01]} dxc4 {[%emt 0:00:00]} 3. Nf3 {[%emt 0:00:36]} Nf6 {[%emt 0:00:04]} 4. e3 {[%emt 0:00:39]} e6 {[%emt 0:00:29]} 5. Bxc4 {[%emt 0:01:02]} c5 {[%emt 0:00:04]} 6. O-O {[%emt 0:01:46]} a6 {[%emt 0:00:56]} 7. dxc5 {[%emt 0:05:16]} Bxc5 {[%emt 0:01:59]} 8. Qxd8+ {[%emt 0:02:30]} Kxd8 {[%emt 0:00:02]} 9. b3 {[%emt 0:02:11]} Ke7 {[%emt 0:00:49]} 10. Bb2 {[%emt 0:00:59]} Bd7 {[%emt 0:04:41]} 11. Ne5 {[%emt 0:04:07]} Be8 {[%emt 0:01:20]} 12. Nd2 {[%emt 0:02:28]} Nc6 {[%emt 0:00:33]} 13. Ndf3 {[%emt 0:01:24]} Nxe5 {[%emt 0:05:45]} 14. Nxe5 {[%emt 0:00:14]} Bb5 {[%emt 0:05:59]} 15. Rfc1 {[%emt 0:14:22]} Bd6 {[%emt 0:01:28]} 16. a4 {[%emt 0:02:32]} Bxe5 {[%emt 0:02:56]} 17. Bxe5 {[%emt 0:00:14]} Bc6 {[%emt 0:01:27]} 18. f3 {[%emt 0:03:05]} Rhd8 {[%emt 0:01:42]} 19. e4 {[%emt 0:01:41]} g5 {[%emt 0:12:52]} 20. b4 {[%emt 0:09:55]} Be8 {[%emt 0:02:38]} 21. Bf1 {[%emt 0:03:49]} Rdc8 {[%emt 0:02:59]} 22. Rd1 {[%emt 0:06:34]} Rd8 {[%emt 0:01:42]} 23. Rdc1 {[%emt 0:00:35]} Rdc8 {[%emt 0:00:11]} 24. Rd1 {[%emt 0:00:11]} Rd8 {[%emt 0:00:03]} 1/2-1/2

[Event "Botvinnik Cup 2018"]
[Site "Moscow"]
[Date "2018.08.12"]
[Round "5"]
[White "Babazada, Khazar"]
[Black "Kovalev, Vladislav"]
[Result "1/2-1/2"]
[WhiteElo "2229"]
[BlackElo "2667"]
[Annotator "TA"]
[PlyCount "60"]
[EventDate "2018.08.10"]
[EventCountry "RUS"]
[SourceTitle "playchess.com"]
[Source "ChessBase"]
[SourceQuality "1"]

{[%evp 17,60,-1,21,15,12,9,17,-60,-67,-56,-66,-50,-45,-65,-79,-61,-43,-48,-42,-114,-114,-114,-114,-114,-31,-66,-77,-83,12,10,10,12,10,5,4,0,0,0,0,0,14,0,28,27,41]} 1. d4 Nf6 2. Bg5 c5 3. Bxf6 gxf6 4. d5 Qb6 5. Qc1 f5 6. c4 Bg7 7. Nc3 {A45: Trompowsky Attack} d6 8. e3 Nd7 {[%cal Bb8d7,Bd7f6,Bf6d5][%mdl 32]} 9. Nge2 (9. Qc2 Ne5 10. Nh3 Bd7 11. Be2 Ng6 12. O-O O-O 13. Kh1 Qd8 14. Rad1 a6 {½-½ (61) Vitiugov,N (2734)-Hou,Y (2658) Belokurikha 2018}) 9... Nf6 {LiveBook: 8 Games} 10. Qc2 Bd7 11. Rb1 $146 ({Predecessor:} 11. Nf4 e6 12. Be2 e5 13. Nh5 Nxh5 14. Bxh5 Qd8 15. h4 Qe7 16. O-O-O O-O-O 17. Rhe1 e4 18. g3 {½-½ (18) Vijayakumar,R (2019)-Milligan,H (2052) Brisbane 2005}) 11... Qa5 12. f3 ({Better is} 12. Ng3 $11) 12... b5 $15 13. cxb5 Nxd5 ({Much worse is} 13... Bxb5 $6 14. Qxf5 Bd7 15. Qd3 $14) 14. Qd2 Nc7 15. a4 a6 16. bxa6 Rxa6 17. Nf4 Rb6 18. Nb5 (18. Ncd5 $15 Qxd2+ 19. Kxd2 Nxd5 20. Nxd5) 18... Qxd2+ $17 19. Kxd2 Nxb5 20. axb5 {[#]} e6 ({Black should try} 20... d5 $1 $17 {...e6 is the strong threat.} 21. Be2 O-O) 21. Nh5 Rg8 {aiming for ...Be5.} 22. b4 cxb4 (22... Be5 $17 {Strongly threatening ...c4.} 23. f4 Bh8 24. bxc5 dxc5) 23. Nxg7+ $11 Rxg7 24. Rxb4 Ke7 25. g3 Rg8 26. Bd3 Ra8 27. Rhb1 d5 28. R1b2 Kd6 29. Rh4 Rh8 30. Rh6 Ke5 {Precision: White = 53%, Black = 41%.} 1/2-1/2

[Event "Botvinnik Cup 2018"]
[Site "Moscow"]
[Date "2018.08.12"]
[Round "5"]
[White "Galkin, Gleb"]
[Black "Sevdimaliyev, Urfan"]
[Result "1/2-1/2"]
[WhiteElo "2134"]
[BlackElo "2388"]
[Annotator "NA"]
[PlyCount "108"]
[EventDate "2018.08.10"]
[EventCountry "RUS"]
[SourceTitle "playchess.com"]
[Source "ChessBase"]
[SourceQuality "1"]
[TimeControl "5400+30"]

1. d4 {[%emt 0:00:00]} Nf6 {[%emt 0:00:04]} 2. Nf3 {[%emt 0:00:00]} g6 {[%emt 0:00:15]} 3. c4 {[%emt 0:00:00]} Bg7 {[%emt 0:00:12]} 4. Nc3 {[%emt 0:00:04]} d5 {[%emt 0:00:08]} 5. cxd5 {[%emt 0:00:28]} Nxd5 {[%emt 0:00:26]} 6. Bd2 {[%emt 0:00:17]} O-O {[%emt 0:00:50]} 7. Rc1 {[%emt 0:06:12]} Nb6 {[%emt 0:02:33]} 8. Bf4 {[%emt 0:04:56]} c6 {[%emt 0:01:22]} 9. e3 {[%emt 0:01:00]} a5 {[%emt 0:01:44]} 10. Be2 {[%emt 0:01:59]} Bf5 {[%emt 0:03:55]} 11. O-O {[%emt 0:01:22]} a4 {[%emt 0:00:50]} 12. h3 {[%emt 0:05:27]} Nd5 {[%emt 0:04:04]} 13. Nxd5 {[%emt 0:01:36]} Qxd5 {[%emt 0:02:05]} 14. Bc4 {[%emt 0:01:15]} Qa5 {[%emt 0:01:39]} 15. Ne5 {[%emt 0:04:42]} Nd7 {[%emt 0:00:44]} 16. Ng4 {[%emt 0:09:42]} Bxg4 {[%emt 0:04:29]} 17. Qxg4 {[%emt 0:01:53]} Rfd8 {[%emt 0:01:53]} 18. Rfd1 {[%emt 0:08:00]} Qf5 {[%emt 0:09:07]} 19. Qxf5 {[%emt 0:00:45]} gxf5 {[%emt 0:00:03]} 20. Bd3 {[%emt 0:05:45]} e6 {[%emt 0:00:40]} 21. Bc7 {[%emt 0:01:32]} Rdc8 {[%emt 0:02:53]} 22. Bd6 {[%emt 0:00:50]} Bf8 {[%emt 0:01:52]} 23. Bxf8 {[%emt 0:00:18]} Kxf8 {[%emt 0:01:15]} 24. g4 {[%emt 0:00:45]} fxg4 {[%emt 0:00:40]} 25. hxg4 {[%emt 0:00:13]} Ra5 {[%emt 0:01:33]} 26. f3 {[%emt 0:03:41]} h5 27. gxh5 {[%emt 0:03:04]} Rxh5 {[%emt 0:00:45]} 28. Kg2 {[%emt 0:01:18]} Ke7 {[%emt 0:02:11]} 29. Rh1 {[%emt 0:01:53]} Rg8+ {[%emt 0:00:26]} 30. Kf2 {[%emt 0:00:26]} Rhg5 {[%emt 0:00:45]} 31. Rh2 {[%emt 0:07:15]} a3 {[%emt 0:00:58]} 32. b4 {[%emt 0:06:16]} Nb6 {[%emt 0:03:15]} 33. Rc3 {[%emt 0:07:34]} Ra8 {[%emt 0:06:27]} 34. b5 {[%emt 0:03:34]} cxb5 {[%emt 0:09:54]} 35. Rc7+ {[%emt 0:00:10]} Nd7 {[%emt 0:04:35]} 36. Rxb7 {[%emt 0:00:11]} Rb8 {[%emt 0:00:43]} 37. Rxb8 {[%emt 0:01:02]} Nxb8 {[%emt 0:01:02]} 38. Rh8 {[%emt 0:06:28]} Nc6 {[%emt 0:04:18]} 39. Be4 {[%emt 0:01:27]} Nd8 {[%emt 0:09:52]} 40. f4 {[%emt 0:01:05]} Rg7 {[%emt 0:00:18]} 41. f5 {[%emt 0:04:15]} exf5 {[%emt 0:01:34]} 42. Bxf5 {[%emt 0:00:09]} Rg5 {[%emt 0:00:36]} 43. Bd3 {[%emt 0:00:50]} b4 {[%emt 0:02:45]} 44. Bc4 {[%emt 0:00:34]} Rf5+ {[%emt 0:00:14]} 45. Ke2 {[%emt 0:00:38]} Rg5 {[%emt 0:00:13]} 46. Kf2 {[%emt 0:00:13]} Rf5+ {[%emt 0:02:15]} 47. Ke2 {[%emt 0:00:11]} Rg5 {[%emt 0:00:55]} 48. Kd3 {[%emt 0:02:04]} Rg1 {[%emt 0:00:48]} 49. Rh5 {[%emt 0:00:35]} Rc1 {[%emt 0:02:00]} 50. Re5+ {[%emt 0:00:30]} Kd6 {[%emt 0:00:36]} 51. Rd5+ {[%emt 0:00:25]} Ke7 {[%emt 0:00:22]} 52. Re5+ {[%emt 0:00:02]} Kd6 {[%emt 0:00:43]} 53. Rd5+ {[%emt 0:00:06]} Ke7 {[%emt 0:00:20]} 54. Re5+ {[%emt 0:01:26]} Kd6 {[%emt 0:01:11]} 1/2-1/2

[Event "Botvinnik Cup 2018"]
[Site "Moscow"]
[Date "2018.08.12"]
[Round "5"]
[White "Garifullina, Leya"]
[Black "Vaganian, Rafael A"]
[Result "1/2-1/2"]
[WhiteElo "2106"]
[BlackElo "2546"]
[Annotator "ChessBase"]
[PlyCount "135"]
[EventDate "2018.08.10"]
[EventCountry "RUS"]
[SourceTitle "playchess.com"]
[Source "ChessBase"]
[SourceQuality "1"]
[TimeControl "5400+30"]

1. e4 {[%emt 0:00:00]} e6 {[%emt 0:00:00]} 2. d4 {[%emt 0:00:00]} d5 {[%emt 0:00:13]} 3. Nc3 {[%emt 0:00:25]} Bb4 {[%emt 0:00:11]} 4. e5 {[%emt 0:00:32]} Qd7 {[%emt 0:00:12]} 5. Qg4 {[%emt 0:01:31]} Bf8 {[%emt 0:00:24]} 6. Bg5 {[%emt 0:01:45]} b6 {[%emt 0:00:18]} 7. Nf3 {[%emt 0:02:41]} Ba6 {[%emt 0:00:29]} 8. Bxa6 {[%emt 0:02:47]} Nxa6 {[%emt 0:00:03]} 9. O-O-O {[%emt 0:04:40]} h6 {[%emt 0:01:37]} 10. Be3 {[%emt 0:00:53]} Ne7 {[%emt 0:00:11]} 11. Nh4 {[%emt 0:04:29]} O-O-O {[%emt 0:01:19]} 12. f4 {[%emt 0:01:16]} Kb7 {[%emt 0:05:57]} 13. Qe2 {[%emt 0:12:10]} h5 {[%emt 0:02:12]} 14. h3 {[%emt 0:05:33]} Nf5 {[%emt 0:04:37]} 15. Nxf5 {[%emt 0:03:51]} exf5 {[%emt 0:00:03]} 16. a3 {[%emt 0:06:32]} c6 {[%emt 0:00:49]} 17. Kb1 {[%emt 0:01:43]} Nc7 {[%emt 0:06:50]} 18. Rd2 {[%emt 0:02:02]} h4 {[%emt 0:00:17]} 19. Rhd1 {[%emt 0:00:41]} Ne6 {[%emt 0:02:29]} 20. Rd3 {[%emt 0:02:25]} Be7 {[%emt 0:00:48]} 21. Qf3 {[%emt 0:01:14]} b5 {[%emt 0:02:50]} 22. Ne2 {[%emt 0:10:05]} Ka8 {[%emt 0:01:35]} 23. Nc1 {[%emt 0:01:36]} a5 {[%emt 0:00:09]} 24. Qf1 {[%emt 0:02:22]} Rb8 {[%emt 0:00:42]} 25. Qe1 {[%emt 0:00:48]} Qa7 {[%emt 0:00:14]} 26. Qf1 {[%emt 0:01:45]} a4 {[%emt 0:01:27]} 27. c3 {[%emt 0:00:16]} Qd7 {[%emt 0:00:12]} 28. Qf2 {[%emt 0:01:19]} Kb7 {[%emt 0:00:29]} 29. Ne2 {[%emt 0:01:24]} Nc7 {[%emt 0:00:43]} 30. Kc2 {[%emt 0:01:49]} Na8 {[%emt 0:02:09]} 31. Kd2 {[%emt 0:01:45]} Nb6 {[%emt 0:00:07]} 32. Ke1 {[%emt 0:00:05]} Nc4 {[%emt 0:00:02]} 33. Bc1 {[%emt 0:00:14]} Rbg8 {[%emt 0:02:25]} 34. Rf3 {[%emt 0:02:30]} Bd8 {[%emt 0:02:27]} 35. Kf1 {[%emt 0:00:49]} f6 {[%emt 0:00:33]} 36. Kg1 {[%emt 0:01:20]} Bb6 {[%emt 0:00:07]} 37. Kh1 {[%emt 0:00:53]} Ka6 {[%emt 0:00:11]} 38. Rf1 {[%emt 0:02:13]} Rf8 {[%emt 0:02:08]} 39. Qe1 {[%emt 0:01:04]} Bd8 {[%emt 0:00:02]} 40. Qf2 {[%emt 0:02:15]} Rf7 {[%emt 0:00:49]} 41. Kg1 {[%emt 0:04:27]} Rhf8 {[%emt 0:00:32]} 42. Kh1 {[%emt 0:01:00]} g5 {[%emt 0:04:03]} 43. fxg5 {[%emt 0:02:01]} fxg5 {[%emt 0:00:10]} 44. Qe1 {[%emt 0:00:36]} Rg7 {[%emt 0:01:20]} 45. Qf2 {[%emt 0:01:05]} f4 {[%emt 0:00:21]} 46. Ng1 {[%emt 0:01:25]} Qf5 {[%emt 0:00:58]} 47. Re1 {[%emt 0:01:08]} Rfg8 {[%emt 0:00:07]} 48. Rf1 {[%emt 0:01:14]} Bb6 {[%emt 0:03:09]} 49. Qe2 {[%emt 0:00:55]} Re8 {[%emt 0:00:20]} 50. Re1 {[%emt 0:01:08]} Nd6 {[%emt 0:00:18]} 51. Qd1 {[%emt 0:02:37]} Ne4 {[%emt 0:00:18]} 52. Kh2 {[%emt 0:02:18]} g4 {[%emt 0:01:37]} 53. hxg4 {[%emt 0:00:24]} Rxg4 {[%emt 0:00:03]} 54. Nh3 {[%emt 0:00:44]} Reg8 {[%emt 0:01:17]} 55. Re2 {[%emt 0:00:44]} Qg6 {[%emt 0:06:37]} 56. Nxf4 {[%emt 0:00:34]} Qh7 {[%emt 0:00:08]} 57. Nh3 {[%emt 0:00:46]} Bc7 {[%emt 0:00:23]} 58. Bf4 {[%emt 0:00:54]} Qg6 {[%emt 0:00:47]} 59. Qc2 {[%emt 0:00:17]} Kb7 {[%emt 0:00:34]} 60. Kg1 {[%emt 0:00:42]} Qh5 {[%emt 0:01:43]} 61. Kh2 {[%emt 0:00:37]} Bd8 {[%emt 0:00:24]} 62. Qd3 {[%emt 0:01:16]} Be7 {[%emt 0:00:56]} 63. Qc2 {[%emt 0:00:20]} Kb6 {[%emt 0:00:03]} 64. Qd3 {[%emt 0:00:15]} Bf8 {[%emt 0:01:47]} 65. Qc2 {[%emt 0:00:58]} Be7 {[%emt 0:01:42]} 66. Qd3 {[%emt 0:00:06]} Rf8 {[%emt 0:00:21]} 67. Bc1 {[%emt 0:01:07]} Rfg8 {[%emt 0:00:22]} 68. Bf4 1/2-1/2